000 00264nam a2200097Ia 4500
001 1101927
005 20250827003312.0
008 250824s9999 xx 000 0 und d
245 0 _aYAKIN TARİHİN KARA DELİKLERİ
_cMUSTAFA ARMAĞAN
260 _bKETEBE YAYINLARI
999 _c1101927
_d1101927